000 01172nam0a22003131 4500
001 rc\4307340
005 20130416125919.8
021 _aRU
_b[65-64451]
035 _a(NLR Aleph) 008505991
090 _a8139004
_c8139004
100 _a20130416d1965 |||y0rusy50 ca
101 1 _arus
_cger
102 _aRU
105 _aa z |||||
200 1 _aВирусы - чудо - противоречия
_eПолем. работа по филос. проблемам современной биологии
_fПер. с нем. В.И. Гараджа
_g[Предисл. М.Ф. Веденова]
210 _aМосква
_cПрогресс
_d1965
215 _a272 с.
_cил.
_d20
300 _aДоп. тит. л.: Harald Wessel. Viren - Wunder - Widersprüche
513 0 _aViren - Wunder - Widersprüche
606 _aВирусы
_2psbo
606 _aБиология
_xФилософские проблемы
_2psbo
700 1 _aВессель
_bГ.
_gГаральд
702 1 _aВеденов
_bМ. Ф.
_4080
702 1 _aГарадж
_bВ. И.
_4730
801 0 _aRU
_bNLR
_gpsbo
801 1 _aRU
_bELAR
_2rusmarc
852 _aNLR
_j65-3/4290
942 _cBOOK
980 _aNB